[Event "RA-2020-0-00657"]
[Site "LSS email"]
[Date "2020.01.22"]
[Round "?"]
[White "Zhdanenia, Konstantin A"]
[Black "Rodriguez, Raul"]
[Result "1-0"]
[WhiteElo "2013"]
[BlackElo "2057"]
[PlyCount "87"]
[EventDate "2019.12.26"]
[EventType "tourn (corr)"]
[EventRounds "6"]
[EventCountry "GER"]
[SourceTitle "Corr 2022"]
[Source "ChessBase"]
[SourceDate "2021.10.24"]
[SourceVersion "1"]
[SourceVersionDate "2021.10.24"]
[SourceQuality "1"]

1. d4 e6 2. Nf3 d5 3. c4 Nf6 4. g3 Bb4+ 5. Nbd2 dxc4 6. Bg2 b5 7. 0-0 Bb7 8. Nxc4 bxc4 9. Qa4+ Nc6 10. Ne5 Nd5 11. Nxc6 Qd7 12. Bxd5 exd5 13. Qxb4 Qxc6 14. b3 a5 15. Qa3 Qd6 16. bxc4 dxc4 17. Qe3+ Qe7 18. Qxe7+ Kxe7 19. f3 Kd7 20. Bd2 Rhe8 21. Kf2 f5 22. Rfb1 Ba6 23. Bc3 g5 24. h3 h5 25. d5 Rab8 26. Rxb8 Rxb8 27. Rf1 a4 28. h4 gxh4 29. gxh4 Rg8 30. Be5 Re8 31. Bc3 Rg8 32. Rb1 Kd6 33. Rb4 a3 34. Ra4 Bb7 35. Rxa3 Bxd5 36. Ra6+ Bc6 37. Bb4+ Kd7 38. Ba5 Rc8 39. a3 Rb8 40. Ra7 f4 41. Rxc7+ Kd6 42. Rh7 Rb5 43. Bb4+ Kd5 44. Rxh5+ 1-0

[Event "RA-2019-0-00619"]
[Site "LSS email"]
[Date "2019.03.11"]
[Round "?"]
[White "Zhdanenia, Konstantin A"]
[Black "Malichev, Ivan"]
[Result "1/2-1/2"]
[WhiteElo "2022"]
[BlackElo "2219"]
[PlyCount "58"]
[EventDate "2019.02.16"]
[EventType "tourn (corr)"]
[EventRounds "6"]
[EventCountry "GER"]
[SourceTitle "Corr 2022"]
[Source "ChessBase"]
[SourceDate "2021.10.24"]
[SourceVersion "1"]
[SourceVersionDate "2021.10.24"]
[SourceQuality "1"]

1. Nf3 c5 2. c4 Nc6 3. Nc3 e5 4. e3 Nf6 5. d4 e4 6. Ne5 h5 7. Be2 Qc7 8. a3 a6 9. f4 cxd4 10. exd4 d6 11. Nxc6 bxc6 12. 0-0 Bf5 13. Be3 d5 14. Rc1 Qb7 15. cxd5 Nxd5 16. Nxd5 cxd5 17. Rc3 h4 18. Rb3 Qc6 19. Rc3 Qd7 20. b4 Be7 21. Qb3 0-0 22. Rfc1 Ra7 23. Qc2 Bd6 24. Qb3 Be6 25. Qa2 a5 26. b5 a4 27. Rc6 Rb8 28. R1c3 h3 29. g3 Rab7 1/2-1/2

[Event "RB-2019-0-00369"]
[Site "LSS email"]
[Date "2019.02.18"]
[Round "?"]
[White "Herzog, Matthias"]
[Black "Zhdanenia, Konstantin A"]
[Result "1/2-1/2"]
[WhiteElo "1872"]
[BlackElo "2007"]
[PlyCount "29"]
[EventDate "2018.12.15"]
[EventType "tourn (corr)"]
[EventRounds "6"]
[EventCountry "GER"]
[SourceTitle "Corr 2022"]
[Source "ChessBase"]
[SourceDate "2021.10.24"]
[SourceVersion "1"]
[SourceVersionDate "2021.10.24"]
[SourceQuality "1"]

1. e4 c5 2. Nf3 Nc6 3. Bb5 e6 4. 0-0 Nge7 5. Re1 a6 6. Bf1 d5 7. exd5 Nxd5 8. d4 Nf6 9. Be3 Nd5 10. Bg5 f6 11. c4 Nde7 12. Be3 cxd4 13. Nxd4 Nxd4 14. Qxd4 Qxd4 15. Bxd4 1/2-1/2

[Event "RB-2019-0-00369"]
[Site "LSS email"]
[Date "2019.02.17"]
[Round "?"]
[White "Zhdanenia, Konstantin A"]
[Black "De Vito, Giovanni"]
[Result "1-0"]
[WhiteElo "2007"]
[BlackElo "1967"]
[PlyCount "105"]
[EventDate "2018.12.15"]
[EventType "tourn (corr)"]
[EventRounds "6"]
[EventCountry "GER"]
[SourceTitle "Corr 2022"]
[Source "ChessBase"]
[SourceDate "2021.10.24"]
[SourceVersion "1"]
[SourceVersionDate "2021.10.24"]
[SourceQuality "1"]

1. c4 e5 2. Nc3 Nf6 3. g3 Bb4 4. Bg2 0-0 5. Qc2 Re8 6. d3 c6 7. Bg5 d6 8. Nf3 Nbd7 9. 0-0 h6 10. Bd2 Ba5 11. Rab1 Bb6 12. b4 Nf8 13. Na4 Bc7 14. e4 Ne6 15. b5 c5 16. Nc3 a6 17. a4 Ba5 18. Rfe1 Bb4 19. Rb2 a5 20. h3 Bd7 21. Kh2 Nd4 22. Qd1 Be6 23. Rf1 Rc8 24. Ne1 Nd7 25. Nc2 f6 26. Ne3 Nb6 27. Be1 Qd7 28. f4 exf4 29. Rxf4 Rb8 30. Rf1 Qd8 31. Rbf2 Nd7 32. Bf3 Ne5 33. Bh5 Rf8 34. Bg4 Bf7 35. Ncd5 b6 36. Bc3 Bxc3 37. Nxc3 Kh8 38. Ncd5 Rb7 39. Kg2 Bg6 40. Nf5 Bxf5 41. exf5 Nd7 42. Bh5 Ne5 43. h4 Nd7 44. g4 Rg8 45. Qc1 Ne5 46. Qe3 Rf8 47. Qh3 Nd7 48. Rg1 Rg8 49. Kf1 Rf8 50. g5 Ne5 51. gxh6 gxh6 52. Qe3 Rh7 53. Rg3 1-0

[Event "RB-2019-0-00369"]
[Site "LSS email"]
[Date "2019.02.17"]
[Round "?"]
[White "Zhdanenia, Konstantin A"]
[Black "Vaassen, Jack M"]
[Result "1/2-1/2"]
[WhiteElo "2007"]
[BlackElo "2083"]
[PlyCount "47"]
[EventDate "2018.12.15"]
[EventType "tourn (corr)"]
[EventRounds "6"]
[EventCountry "GER"]
[SourceTitle "Corr 2022"]
[Source "ChessBase"]
[SourceDate "2021.10.24"]
[SourceVersion "1"]
[SourceVersionDate "2021.10.24"]
[SourceQuality "1"]

1. c4 Nf6 2. g3 c6 3. Bg2 d5 4. Nf3 Bg4 5. 0-0 e6 6. b3 Nbd7 7. Bb2 Bd6 8. d3 0-0 9. Nbd2 Re8 10. Qc2 e5 11. h3 Bh5 12. e3 Nf8 13. Rac1 Qd7 14. a3 h6 15. Rfd1 a5 16. b4 N8h7 17. g4 Bg6 18. Qc3 axb4 19. axb4 Nf8 20. b5 Qe6 21. bxc6 bxc6 22. Ra1 N6d7 23. Rxa8 Rxa8 24. Ra1 1/2-1/2

[Event "OP-2018-0-04625"]
[Site "LSS email"]
[Date "2018.07.23"]
[Round "?"]
[White "Pech, Jaroslav Sr"]
[Black "Zhdanenia, Konstantin A"]
[Result "1/2-1/2"]
[WhiteElo "1713"]
[BlackElo "1985"]
[PlyCount "120"]
[EventDate "2018.07.16"]
[EventType "tourn (corr)"]
[EventRounds "4"]
[EventCountry "GER"]
[SourceTitle "Corr 2022"]
[Source "ChessBase"]
[SourceDate "2021.10.24"]
[SourceVersion "1"]
[SourceVersionDate "2021.10.24"]
[SourceQuality "1"]

1. e4 g6 2. d4 Bg7 3. Nc3 d6 4. Be3 e6 5. Qd2 Nd7 6. 0-0-0 h6 7. Kb1 a6 8. g4 b5 9. h4 Bb7 10. f3 Ne7 11. Nh3 c5 12. dxc5 dxc5 13. Bg2 Qc7 14. Ne2 a5 15. Nc3 Bc6 16. g5 h5 17. f4 Nb6 18. Bxc5 b4 19. Qe3 Nc4 20. Qd3 bxc3 21. Qxc4 0-0 22. b3 Rfc8 23. Nf2 Qxf4 24. Nd3 Qc7 25. Rhf1 Be8 26. e5 Rab8 27. Qf4 Rb5 28. Bd6 Qd8 29. Nc1 a4 30. Qxa4 Nf5 31. Qa7 Nxh4 32. Bh3 Ra8 33. Qd4 Qxg5 34. Qe4 Ra7 35. Qc4 Qd8 36. Bb4 Qb6 37. Bxc3 Qc6 38. Qxc6 Bxc6 39. Rd8+ Kh7 40. a4 Rbb7 41. a5 Rc7 42. b4 g5 43. Rf2 Be4 44. Bd4 Rab7 45. Bb6 Rc4 46. Na2 Nf3 47. Bf1 Nxe5 48. Bd4 Rcxb4+ 49. Nxb4 Rxb4+ 50. Kc1 f5 51. Bc3 Ra4 52. a6 Ng4 53. Rd7 Nxf2 54. Rxg7+ Kh6 55. Re7 g4 56. Bb5 g3 57. Bxa4 g2 58. Rg7 Ng4 59. Bd4 e5 60. Rxg4 exd4 1/2-1/2

[Event "OP-2018-0-04625"]
[Site "LSS email"]
[Date "2018.07.22"]
[Round "?"]
[White "Tyutyunnik, Roman"]
[Black "Zhdanenia, Konstantin A"]
[Result "1-0"]
[WhiteElo "2080"]
[BlackElo "1985"]
[PlyCount "35"]
[EventDate "2018.07.16"]
[EventType "tourn (corr)"]
[EventRounds "4"]
[EventCountry "GER"]
[SourceTitle "Corr 2022"]
[Source "ChessBase"]
[SourceDate "2021.10.24"]
[SourceVersion "1"]
[SourceVersionDate "2021.10.24"]
[SourceQuality "1"]

1. e4 g6 2. d4 Bg7 3. c4 b6 4. Nc3 Bb7 5. Be3 d6 6. Qd2 e6 7. h4 c5 8. 0-0-0 Nc6 9. d5 Nd4 10. h5 e5 11. f4 Nf6 12. h6 Bf8 13. Qe1 Ng4 14. Bd2 Qd7 15. Nf3 0-0-0 16. Qg3 Re8 17. Bd3 Kb8 18. fxe5 1-0

[Event "RB-2018-0-00359"]
[Site "LSS email"]
[Date "2018.05.28"]
[Round "?"]
[White "Ederer, Karel"]
[Black "Zhdanenia, Konstantin A"]
[Result "1/2-1/2"]
[WhiteElo "1918"]
[BlackElo "1960"]
[PlyCount "40"]
[EventDate "2018.01.18"]
[EventType "tourn (corr)"]
[EventRounds "6"]
[EventCountry "GER"]
[SourceTitle "Corr 2022"]
[Source "ChessBase"]
[SourceDate "2021.10.24"]
[SourceVersion "1"]
[SourceVersionDate "2021.10.24"]
[SourceQuality "1"]

1. e4 e5 2. Nf3 Nc6 3. Bb5 a6 4. Ba4 Nf6 5. 0-0 Be7 6. Re1 b5 7. Bb3 0-0 8. a4 b4 9. d3 d6 10. Nbd2 Na5 11. Ba2 c5 12. c3 Nc6 13. d4 bxc3 14. bxc3 exd4 15. cxd4 cxd4 16. Nb3 d5 17. exd5 Nxd5 18. Nbxd4 Nxd4 19. Nxd4 Nc3 20. Qf3 Nxa2 1/2-1/2

[Event "RB-2018-0-00359"]
[Site "LSS email"]
[Date "2018.05.23"]
[Round "?"]
[White "Sirotkin, Evgenji"]
[Black "Zhdanenia, Konstantin A"]
[Result "0-1"]
[WhiteElo "1863"]
[BlackElo "1960"]
[PlyCount "92"]
[EventDate "2018.01.18"]
[EventType "tourn (corr)"]
[EventRounds "6"]
[EventCountry "GER"]
[SourceTitle "Corr 2022"]
[Source "ChessBase"]
[SourceDate "2021.10.24"]
[SourceVersion "1"]
[SourceVersionDate "2021.10.24"]
[SourceQuality "1"]

1. e4 b6 2. d4 g6 3. Nf3 Bb7 4. Nc3 Bg7 5. Bc4 d6 6. 0-0 e6 7. Re1 Nd7 8. Bg5 Ne7 9. Qd2 h6 10. Be3 a6 11. a4 Kf8 12. Rad1 Kg8 13. h3 Kh7 14. Bf4 Rf8 15. Bh2 Qc8 16. b4 Rd8 17. Bb3 Nf6 18. Qe2 Ne8 19. Nb1 c5 20. bxc5 dxc5 21. c3 Nc6 22. dxc5 Rxd1 23. Bxd1 b5 24. axb5 axb5 25. Qxb5 Ra5 26. Qd3 Rxc5 27. Be2 e5 28. Nbd2 Nb8 29. c4 Nd7 30. Nb3 Rc7 31. Rd1 Bc6 32. Nfd2 Bf8 33. Qc3 f6 34. Kh1 Nc5 35. f4 Nxb3 36. Qxb3 exf4 37. Bxf4 Bd6 38. Bg4 Qb7 39. Qxb7 Bxb7 40. Bh2 Bxh2 41. Kxh2 Nd6 42. Re1 h5 43. Be6 Re7 44. Bd5 Bxd5 45. cxd5 Ra7 46. h4 Ra2 0-1